[Event "Perm op 07"]
[Site "Perm"]
[Date "2009.07.29"]
[Round "7"]
[White "Kuznecov, Dmitriy"]
[Black "Buruchaga, Gektor"]
[Result "0-1"]
[WhiteElo "2158"]
[BlackElo "2028"]
[PlyCount "86"]
[EventDate "2009.07.21"]
[EventType "swiss"]
[EventRounds "9"]
[EventCountry "RUS"]
[SourceTitle "EXT 2012"]
[Source "ChessBase"]
[SourceDate "2011.11.24"]
[SourceVersion "1"]
[SourceVersionDate "2011.11.24"]
[SourceQuality "1"]

1. e4 e6 2. Qe2 c5 3. g3 Nc6 4. c3 Be7 5. Bg2 Nf6 6. f4 d6 7. Nf3 0-0 8. 0-0 Bd7 9. d3 b5 10. Kh1 Rb8 11. Be3 Na5 12. Nbd2 Bc6 13. h3 a6 14. g4 c4 15. g5 cxd3 16. Qxd3 Nh5 17. Kh2 Nc4 18. Nxc4 bxc4 19. Qe2 Qc7 20. Nd4 g6 21. Nxc6 Qxc6 22. f5 Qb5 23. f6 Qe5+ 24. Kg1 Bd8 25. Rad1 Bb6 26. Bxb6 Rxb6 27. h4 Rd8 28. Rb1 h6 29. gxh6 Kh7 30. Qd2 Qg3 31. Rf3 Qxh4 32. b3 cxb3 33. axb3 Qxe4 34. Re1 Qg4 35. b4 d5 36. Re5 d4 37. Rg5 dxc3 38. Rxc3 Qxb4 39. Rxh5 gxh5 40. Qc2+ Kxh6 41. Qc1+ Kh7 42. Qc2+ Kh8 43. Qc1 Qb1 0-1

[Event "Perm op 07"]
[Site "Perm"]
[Date "2009.07.28"]
[Round "6"]
[White "Buruchaga, Gektor"]
[Black "Goldshtein, Grigory"]
[Result "1-0"]
[WhiteElo "2028"]
[BlackElo "2264"]
[PlyCount "45"]
[EventDate "2009.07.21"]
[EventType "swiss"]
[EventRounds "9"]
[EventCountry "RUS"]
[SourceTitle "EXT 2012"]
[Source "ChessBase"]
[SourceDate "2011.11.24"]
[SourceVersion "1"]
[SourceVersionDate "2011.11.24"]
[SourceQuality "1"]

1. e4 e5 2. d4 exd4 3. c3 dxc3 4. Nxc3 Nf6 5. e5 Qe7 6. Nf3 d6 7. Bc4 dxe5 8. 0-0 Nc6 9. Ng5 Nd8 10. Re1 Ne6 11. Qb3 Nxg5 12. Bxg5 c6 13. f4 Be6 14. fxe5 Qc5+ 15. Kh1 Qxc4 16. Qxc4 Bxc4 17. exf6+ Kd7 18. fxg7 Bxg7 19. Re7+ Kd6 20. Rd1+ Kc5 21. Be3+ Kb4 22. Rxb7+ Ka5 23. Rdd7 1-0

[Event "Perm op 07"]
[Site "Perm"]
[Date "2009.07.24"]
[Round "4"]
[White "Buruchaga, Gektor"]
[Black "Verst, Pavel Andreevich"]
[Result "1/2-1/2"]
[WhiteElo "2028"]
[BlackElo "1630"]
[PlyCount "21"]
[EventDate "2009.07.21"]
[EventType "swiss"]
[EventRounds "9"]
[EventCountry "RUS"]
[SourceTitle "EXT 2012"]
[Source "ChessBase"]
[SourceDate "2011.11.24"]
[SourceVersion "1"]
[SourceVersionDate "2011.11.24"]
[SourceQuality "1"]

1. d4 Nf6 2. c4 e6 3. Nc3 Bb4 4. f3 d5 5. a3 Bxc3+ 6. bxc3 0-0 7. cxd5 exd5 8. e3 Nbd7 9. Bd3 b6 10. Ne2 Bb7 11. 0-0 1/2-1/2

[Event "Perm op 06"]
[Site "Perm"]
[Date "2009.06.09"]
[Round "1"]
[White "Vshivtsev, Valery"]
[Black "Buruchaga, Gektor"]
[Result "1-0"]
[WhiteElo "2085"]
[BlackElo "2435"]
[PlyCount "65"]
[EventDate "2009.06.09"]
[EventType "swiss"]
[EventRounds "8"]
[EventCountry "RUS"]
[SourceTitle "EXT 2022"]
[Source "ChessBase"]
[SourceDate "2021.10.06"]
[SourceVersion "1"]
[SourceVersionDate "2021.10.06"]
[SourceQuality "1"]

1. e4 g6 2. c4 Bg7 3. d4 d6 4. Nc3 Nf6 5. f4 0-0 6. Nf3 c5 7. dxc5 Qa5 8. Bd3 Qxc5 9. Qe2 Bg4 10. Be3 Qa5 11. 0-0 Nfd7 12. Nd5 Nc6 13. Bd2 Qd8 14. Bc3 Nd4 15. Qe3 Nxf3+ 16. gxf3 Bh3 17. Bxg7 Kxg7 18. Rf2 e6 19. Nc3 Qb6 20. Qxb6 Nxb6 21. Rd2 Rac8 22. Nb5 Nxc4 23. Bxc4 Rxc4 24. Nxd6 Rb4 25. Kf2 e5 26. fxe5 Be6 27. a3 Rb6 28. Rc1 f6 29. exf6+ Kxf6 30. Rc7 Ke5 31. Rxb7 Rc6 32. Ke3 Rxd6 33. Rb5+ 1-0

[Event "Perm op 04"]
[Site "Perm"]
[Date "2009.04.27"]
[Round "6"]
[White "Chumakov, Anatoly"]
[Black "Buruchaga, Gektor"]
[Result "0-1"]
[WhiteElo "1878"]
[BlackElo "2028"]
[PlyCount "28"]
[EventDate "2009.04.20"]
[EventType "swiss"]
[EventRounds "8"]
[EventCountry "RUS"]
[SourceTitle "EXT 2022"]
[Source "ChessBase"]
[SourceDate "2021.10.06"]
[SourceVersion "1"]
[SourceVersionDate "2021.10.06"]
[SourceQuality "1"]

1. d4 d5 2. Nf3 e6 3. c3 c5 4. e3 Nc6 5. Bd3 c4 6. Bc2 b5 7. Nbd2 a5 8. e4 Be7 9. b4 a4 10. g3 h5 11. Nf1 Nf6 12. e5 Nd7 13. Ng5 Bxg5 14. Bxg5 Qxg5 0-1